|
|
|
|
| LEADER |
00000nam a2200000 a 4500 |
| 001 |
vtls001424562 |
| 003 |
SK-MaSNL |
| 005 |
20260301202547.0 |
| 008 |
240318sm y0 xo 0 und |
| 035 |
|
|
|a SNK000379443
|
| 040 |
|
|
|a SNK
|b slo
|c SNK
|e AACR2
|
| 044 |
|
|
|a xo
|c SK
|
| 100 |
1 |
|
|a Bulusu, A.R.
|4 aut
|9 584771
|
| 245 |
1 |
0 |
|a Tetrahydropyránové deriváty a farmaceutická kompozícia s ich obsahom. C 07D 498/18
|
| 260 |
|
|
|a Banská Bystrica
|b Úrad priemyselného vlastníctva SR
|c 2001
|
| 300 |
|
|
|c 11 s.
|
| 999 |
|
|
|c 899276
|d 901206
|
| 952 |
|
|
|t P60, <04>, [BOOK], {604}
|a SNK
|b SNK
|y VYP
|7 0
|p 17A0322129
|o snkSK 281541
|i snkPS 1200/2001
|0 0
|1 0
|4 0
|d 2001-11-19
|l 0
|r 2005-01-02 00:00:00
|w 2026-02-24
|